[Event "Bad Pyrmont Pape op-B 2nd"]
[Site "Bad Pyrmont"]
[Date "2023.08.13"]
[Round "6"]
[White "Laun, Kurt"]
[Black "Kaesemann, Holger"]
[Result "0-1"]
[WhiteElo "1620"]
[BlackElo "1700"]
[PlyCount "116"]
[EventDate "2023.08.10"]
[EventType "swiss"]
[EventRounds "7"]
[EventCountry "GER"]
[SourceTitle "EXT 2024"]
[Source "ChessBase"]
[SourceDate "2023.10.10"]
[SourceVersion "1"]
[SourceVersionDate "2023.10.10"]
[SourceQuality "1"]

1. c4 c5 2. Nc3 Nc6 3. Nf3 Nf6 4. g3 g6 5. Bg2 Bg7 6. 0-0 0-0 7. e3 d6 8. d4 Bf5 9. Re1 Ne4 10. a3 Nxc3 11. bxc3 Qd7 12. Bb2 Na5 13. e4 Bg4 14. Qd3 Nc6 15. Rab1 Rab8 16. Bc1 Bxf3 17. Bxf3 cxd4 18. cxd4 Bxd4 19. Bg2 b6 20. Bh6 Bg7 21. Bf4 Rfd8 22. Rbd1 Be5 23. Be3 Qc7 24. h4 Na5 25. Rc1 Nb7 26. Qc2 Qd7 27. Kh2 Nc5 28. Bh3 Qc6 29. Bg2 Rbc8 30. f4 Bg7 31. e5 Qc7 32. Bh3 e6 33. exd6 Rxd6 34. Red1 Rcd8 35. Bg4 Qc6 36. Rxd6 Rxd6 37. Rd1 h5 38. Rxd6 Qxd6 39. Bf3 Bf8 40. Bc1 Nd3 41. Be2 Nxc1 42. Qxc1 Qd4 43. Kg2 Bc5 44. Qf1 Bxa3 45. Qf3 Bc5 46. Kh3 a5 47. g4 hxg4+ 48. Qxg4 Bd6 49. h5 Qxf4 50. Qxf4 Bxf4 51. hxg6 fxg6 52. Kg4 e5 53. Bd3 Kf7 54. Bc2 g5 55. Kf3 Ke6 56. Kg4 Kd6 57. Kf3 Kc5 58. Ke2 Kxc4 0-1

[Event "Bad Pyrmont Pape op-B 2nd"]
[Site "Bad Pyrmont"]
[Date "2023.08.12"]
[Round "4"]
[White "Seeber, Helmut"]
[Black "Kaesemann, Holger"]
[Result "0-1"]
[WhiteElo "1545"]
[BlackElo "1700"]
[PlyCount "66"]
[EventDate "2023.08.10"]
[EventType "swiss"]
[EventRounds "7"]
[EventCountry "GER"]
[SourceTitle "EXT 2024"]
[Source "ChessBase"]
[SourceDate "2023.10.10"]
[SourceVersion "1"]
[SourceVersionDate "2023.10.10"]
[SourceQuality "1"]

1. e4 c5 2. Nf3 Nc6 3. d4 cxd4 4. Nxd4 e6 5. Be2 Nf6 6. f3 Qb6 7. Nxc6 bxc6 8. Nd2 d5 9. exd5 cxd5 10. Nb3 Ba6 11. Bxa6 Qxa6 12. Be3 Rc8 13. c3 Bd6 14. Qe2 Qa4 15. 0-0 0-0 16. Nd4 Rb8 17. Rfd1 Rfc8 18. Nb3 Rc4 19. Nd4 Qd7 20. Qd2 Qc7 21. g3 Nd7 22. a4 Ne5 23. Kg2 a6 24. Rdc1 Nc6 25. Nxc6 Qxc6 26. a5 Qb5 27. Bb6 Rbc8 28. Bd4 Qb3 29. Ra3 Bxa3 30. bxa3 Qxa3 31. Bxg7 Kxg7 32. Qg5+ Kf8 33. Rb1 Qa2+ 0-1

[Event "GER Seniors Derby 14th"]
[Site "Wesel Undeloh"]
[Date "2015.04.17"]
[Round "6"]
[White "Kaesemann, Holger"]
[Black "Wiesendahl, Iris"]
[Result "1-0"]
[WhiteElo "1696"]
[BlackElo "907"]
[PlyCount "39"]
[EventDate "2015.04.15"]
[EventType "swiss"]
[EventRounds "9"]
[EventCountry "GER"]
[SourceTitle "EXT 2018"]
[Source "ChessBase"]
[SourceDate "2017.10.13"]
[SourceVersion "1"]
[SourceVersionDate "2017.10.13"]
[SourceQuality "1"]

1. e4 e6 2. f4 d5 3. exd5 exd5 4. Nf3 b6 5. Bb5+ c6 6. Qe2+ Be7 7. Bd3 Nf6 8. 0-0 0-0 9. b3 Re8 10. Ne5 Bc5+ 11. Kh1 Bd4 12. c3 Bxe5 13. fxe5 Bg4 14. Bxh7+ Nxh7 15. Qxg4 Rxe5 16. d4 Re7 17. Bh6 f6 18. Nd2 Nd7 19. Rae1 Rxe1 20. Qxg7# 1-0

[Event "Ruhrgebiet VK3 1112"]
[Site "Nordrheinwestfalen"]
[Date "2012.03.04"]
[Round "7"]
[White "Gajda, Peter"]
[Black "Kaesemann, Holger"]
[Result "1-0"]
[WhiteElo "1832"]
[BlackElo "1652"]
[PlyCount "53"]
[EventDate "2012.09.18"]
[EventType "team-tourn"]
[EventRounds "9"]
[EventCountry "GER"]
[SourceTitle "EXT 2020"]
[Source "ChessBase"]
[SourceDate "2019.10.17"]
[SourceVersion "1"]
[SourceVersionDate "2019.10.17"]
[SourceQuality "1"]
[WhiteTeam "Kirchhellen SF"]
[BlackTeam "Germania Kupferdreh"]
[WhiteTeamCountry "GER"]
[BlackTeamCountry "GER"]

1. d4 Nf6 2. Nf3 e6 3. Bf4 d5 4. e3 b6 5. Bd3 c5 6. c3 Ba6 7. Bxa6 Nxa6 8. Qa4+ Qd7 9. Qxa6 Bd6 10. Bxd6 Qxd6 11. Qb5+ Nd7 12. Ne5 Rd8 13. Nxd7 Rxd7 14. Nd2 0-0 15. 0-0 Rc8 16. Nf3 f6 17. a4 a5 18. Qe2 c4 19. e4 Qf8 20. exd5 exd5 21. Qe6+ Qf7 22. Rfe1 Kf8 23. Re3 Rb8 24. Rae1 b5 25. axb5 Rxb5 26. Qc6 Rbb7 27. Qc8+ 1-0

[Event "Ruhrgebiet VK2 0910"]
[Site "Ruhrgebiet"]
[Date "2010.03.21"]
[Round "8.7"]
[White "Kaesemann, Holger"]
[Black "Olschewski, Niklas"]
[Result "1-0"]
[WhiteElo "1838"]
[BlackElo "1554"]
[PlyCount "83"]
[EventDate "2009.09.06"]
[EventType "team"]
[EventRounds "9"]
[EventCountry "GER"]
[SourceTitle "EXT 2011"]
[Source "ChessBase"]
[SourceDate "2010.11.26"]
[SourceVersion "1"]
[SourceVersionDate "2010.11.26"]
[SourceQuality "1"]
[WhiteTeam "Germania Kupferdreh"]
[BlackTeam "Buer"]
[WhiteTeamCountry "GER"]
[BlackTeamCountry "GER"]

1. Nf3 Nf6 2. c4 g6 3. b3 Bg7 4. Bb2 0-0 5. g3 c5 6. Bg2 Nc6 7. 0-0 d6 8. d4 Nd7 9. e3 Nb6 10. Nc3 Bg4 11. Ne2 Qd7 12. a3 Bh3 13. Qc2 Bxg2 14. Kxg2 cxd4 15. Nexd4 e6 16. Rfd1 Nxd4 17. Bxd4 Qc6 18. e4 f5 19. Bxg7 Kxg7 20. Nd4 Qc8 21. Rac1 fxe4 22. Qxe4 e5 23. Nb5 Qc5 24. Rc2 Rad8 25. b4 Qc6 26. Qxc6 bxc6 27. Nxd6 a6 28. Rcd2 Rd7 29. c5 Nd5 30. Nc4 e4 31. Ne5 Rc7 32. Nxc6 e3 33. Rxd5 Rxf2+ 34. Kg1 Rcf7 35. Rd7 e2 36. Rxf7+ Rxf7 37. Re1 Rc7 38. Nd4 Rd7 39. Ne6+ Kf6 40. Nf4 Rd2 41. Rxe2 Rxe2 42. Nxe2 1-0

[Event "Ruhrhalbinsel op 19th"]
[Site "Essen"]
[Date "2004.05.19"]
[Round "1"]
[White "Zachos, Ingo"]
[Black "Kaesemann, Holger"]
[Result "1-0"]
[WhiteElo "2132"]
[BlackElo "1605"]
[PlyCount "45"]
[EventDate "2004.05.??"]
[EventType "swiss"]
[EventRounds "7"]
[EventCountry "GER"]
[SourceTitle "CBM 100 Extra"]
[Source "ChessBase"]
[SourceDate "2004.07.06"]
[SourceVersion "2"]
[SourceVersionDate "2004.07.06"]
[SourceQuality "1"]

1. Nf3 c5 2. c4 Nc6 3. g3 e6 4. Bg2 Nf6 5. 0-0 d5 6. cxd5 exd5 7. d4 c4 8. Nc3 Bb4 9. Bg5 h6 10. Bxf6 Qxf6 11. Nxd5 Qd6 12. Ne5 Bd7 13. Nxc4 Qb8 14. Nxb4 Nxb4 15. Bxb7 0-0 16. Bg2 Bc6 17. d5 Rd8 18. e4 Bb5 19. Qb3 Rc8 20. Rfc1 Bd7 21. a3 Na6 22. Qxb8 Raxb8 23. b4 1-0

[Event "Unna op"]
[Site "Unna"]
[Date "2003.12.29"]
[Round "5"]
[White "Kaesemann, Holger"]
[Black "Wagner, Ralf"]
[Result "0-1"]
[WhiteElo "1630"]
[BlackElo "2059"]
[PlyCount "28"]
[EventDate "2003.12.27"]
[EventType "swiss"]
[EventRounds "7"]
[EventCountry "GER"]
[SourceTitle "CBM 097 Extra"]
[Source "ChessBase"]
[SourceDate "2004.01.13"]
[SourceVersion "1"]
[SourceVersionDate "2004.01.13"]
[SourceQuality "1"]

1. d4 Nf6 2. c4 g6 3. Nc3 Bg7 4. e4 d6 5. Be2 0-0 6. Nf3 e5 7. d5 Nbd7 8. b4 a5 9. Ba3 Nh5 10. Nd2 Nf4 11. 0-0 f5 12. c5 axb4 13. c6 bxc6 14. Bxb4 c5 0-1